000 00840nam a22002297a 4500
999 _c6701
_d6701
003 AR-CdUCM
008 190319b ||||| |||| 00| 0 spa d
040 _aMUNICIPALIDAD PROVINCIAL DEL CUSCO
_cBIBLIOTECA MUNICIPAL DEL CUSCO
082 _a575.1 /
_bW68
100 _aWilkie, D.
_918856
245 _aHerencia citoplasmática /
260 _aMadrid :
_bAlhambra,
_c1970.
300 _a125 páginas ;
_bIlustraciones,
_c20 cm.
440 _aExedra - ciencia técnica ingeniería
_n67
_918857
500 _aTitulo original: the cytoplasm in heredity
505 _aHerencia de orgánulos: mitocondrias -- Herencia de orgánulos: cloroplastos y centriolos -- Partículas citoplasmaticas ...
650 _aBiología
_9881
650 _aGenética
_95063
700 _aKiralyna Miralles Vila, L.
_918858
942 _2ddc
_cLIBROS
945 _aacv